000 00640nam a2200205 i 4500
001 23950
003 ES-MaACL
005 20230906152949.0
007 t|
008 021213s1927 fr ||||1| fre d
100 1 _aAmiel, Henri Frédéric.
_921232
245 1 0 _aFragments inédits du Journal intime /
_cHenri Frédéric Amiel ; introduction par Edmond Jaloux.
260 _aParís :
_bLa Pleyade,
_c1927 (
_fImprimerie du Livre)
300 _a333 p. ;
_c21 cm.
490 1 _aEcrits intimes
700 1 _aJaloux, Edmond.
_965955
830 0 _aEcrits intimes
_9229063
852 _aES-MaACL
_jA-1524
_bR.12082
999 _c23950
_d23950